[Event "Stuttgarter Stadtmeisterschaft"]
[Site "Ditzingen"]
[Date "2008.05.01"]
[Round "3.2"]
[White "Kang, Moon-Gu"]
[Black "Haubensak, Harald"]
[Result "1-0"]
[WhiteElo "1797"]
[BlackElo "1675"]
[PlyCount "85"]
[EventDate "2008.05.??"]
[EventType "swiss"]
[EventRounds "7"]
[EventCountry "GER"]

1. e4 c5 2. Nf3 Nc6 3. d3 e5 4. g3 Be7 5. Bg2 d6 6. O-O f5 7. c3 fxe4 8. dxe4
Nf6 9. Nbd2 Bd7 10. Qc2 Qc7 11. Nc4 O-O-O 12. Ne3 h5 13. h4 Rhg8 14. Ng5 Rde8
15. a3 Nd8 16. b4 Bb5 17. Rd1 b6 18. a4 Ba6 19. b5 Bb7 20. a5 bxa5 21. Nc4 Nd7
22. Nxa5 Kb8 23. Be3 Bxg5 24. hxg5 g6 25. Qa2 Nb6 26. Nc4 Nxc4 27. Qxc4 Nf7 28.
Rd2 Rgf8 29. Rda2 Qb6 30. Rxa7 Nd8 31. Bh3 Re7 32. R7a3 Rff7 33. Qd3 Rf3 34.
Bg2 Rff7 35. Rb1 Kc7 36. Rba1 Kd7 37. Rd1 Rh7 38. Bh3+ Ne6 39. Qc4 h4 40. Bxc5
Qc7 41. Rxd6+ Ke8 42. Rxe6 hxg3 43. Rxe7+ 1-0

[Event "Stuttgarter Stadtmeisterschaft"]
[Site "Ditzingen"]
[Date "2008.05.01"]
[Round "3.3"]
[White "Mainik, Andreas"]
[Black "Daur, Wolfgang"]
[Result "1/2-1/2"]
[WhiteElo "1777"]
[BlackElo "1696"]
[PlyCount "66"]
[EventDate "2008.05.??"]
[EventType "swiss"]
[EventRounds "7"]
[EventCountry "GER"]

1. e4 e6 2. d4 d5 3. Nd2 Nf6 4. e5 Nfd7 5. Bd3 c5 6. c3 Nc6 7. Ne2 Qb6 8. Nf3
Be7 9. O-O O-O 10. Bc2 cxd4 11. cxd4 f6 12. exf6 Nxf6 13. a3 Bd6 14. Rb1 e5 15.
dxe5 Bxe5 16. Bf4 Qc7 17. Qd2 Bg4 18. Bxe5 Nxe5 19. Nxe5 Qxe5 20. Ng3 Rad8 21.
Rfe1 Qd6 22. Qd4 a6 23. f3 Bd7 24. Rbd1 Rc8 25. Bb3 Qc5 26. Qxc5 Rxc5 27. Ne4
Nxe4 28. fxe4 Be6 29. exd5 Bf7 30. Rd2 Rd8 31. Re5 Rd6 32. Ba2 b5 33. b4 Rc3
1/2-1/2

[Event "Stuttgarter Stadtmeisterschaft"]
[Site "Ditzingen"]
[Date "2008.05.01"]
[Round "3.4"]
[White "Schestibrat, Dennis"]
[Black "Botond, Laszlo"]
[Result "0-1"]
[WhiteElo "1727"]
[BlackElo "1670"]
[PlyCount "124"]
[EventDate "2008.05.??"]
[EventType "swiss"]
[EventRounds "7"]
[EventCountry "GER"]

1. e4 c6 2. d4 d5 3. e5 Bf5 4. Ne2 e6 5. Nf4 Nd7 6. g4 Be4 7. f3 Qh4+ 8. Ke2
Bg6 9. c3 Qe7 10. Be3 f6 11. Nxg6 hxg6 12. f4 g5 13. fxg5 fxe5 14. Kf2 exd4 15.
cxd4 Qd6 16. Kg2 e5 17. dxe5 Qxe5 18. Bd3 O-O-O 19. Bxa7 Bd6 20. Bg1 Qxb2+ 21.
Nd2 Bf4 22. Bc2 Bxg5 23. Nf3 Bf6 24. g5 Qxa1 25. Qe2 Qxa2 26. gxf6 gxf6 27. Bd4
Qa3 28. Qd2 Qe7 29. Ra1 Nh6 30. Ra8+ Nb8 31. Ba7 Kd7 32. Ba4 Rdg8+ 33. Kf1 Qe4
34. Qd1 Qc4+ 35. Ke1 Re8+ 36. Kd2 Qf4+ 37. Kd3 Na6 38. Rxe8 Rxe8 39. Bd4 Re6
40. Qf1 b5 41. Bd1 Qe4+ 42. Kd2 Qf4+ 43. Kc2 Nf5 44. Qg1 Nxd4+ 45. Nxd4 Qe4+
46. Kd2 Qf4+ 47. Kc2 Qe4+ 48. Kd2 Re7 49. Nf5 Qf4+ 50. Kc2 Nb4+ 51. Kb3 Qc4+
52. Kb2 Qa2+ 53. Kc3 Qa3+ 54. Bb3 d4+ 55. Qxd4+ Nd5+ 56. Kc2 Re5 57. Ng3 c5 58.
Qg4+ Kc7 59. Bxd5 Rxd5 60. Qf4+ Kb7 61. Qe4 Qa2+ 62. Kc3 b4+ 0-1

[Event "Stuttgarter Stadtmeisterschaft"]
[Site "Ditzingen"]
[Date "2008.05.01"]
[Round "3.5"]
[White "Tölg, Wolfgang"]
[Black "Schuhmacher, Jakob"]
[Result "1/2-1/2"]
[WhiteElo "1721"]
[BlackElo "1657"]
[PlyCount "78"]
[EventDate "2008.05.??"]
[EventType "swiss"]
[EventRounds "7"]
[EventCountry "GER"]

1. e4 c5 2. Nf3 d6 3. d4 cxd4 4. Nxd4 Nf6 5. Nc3 g6 6. Bc4 Bg7 7. Be3 a6 8. a4
Ng4 9. O-O Nc6 10. h3 Nxe3 11. fxe3 Ne5 12. Bb3 O-O 13. Qd2 Bd7 14. Nf3 Bc6 15.
Bd5 Bxd5 16. exd5 Nc4 17. Qc1 Qb6 18. Nd1 Bxb2 19. Nxb2 Qxb2 20. Qxb2 Nxb2 21.
Ra2 Nc4 22. e4 f5 23. Re1 f4 24. Nd4 Ne5 25. Rb2 Rab8 26. Reb1 f3 27. Rxb7 f2+
28. Kf1 Rbe8 29. Rc7 Rc8 30. Rbb7 Nc4 31. Nf3 Na5 32. Ra7 Rxc7 33. Rxc7 h6 34.
Rxe7 Rc8 35. Kxf2 Rxc2+ 36. Kg3 Nc4 37. Nd4 Ra2 38. Ne6 g5 39. Rg7+ Kh8 1/2-1/2

[Event "Stuttgarter Stadtmeisterschaft"]
[Site "Ditzingen"]
[Date "2008.05.01"]
[Round "3.7"]
[White "Schömbs, Oliver"]
[Black "Straub, Reiner"]
[Result "1/2-1/2"]
[WhiteElo "1719"]
[BlackElo "1638"]
[PlyCount "95"]
[EventDate "2008.05.??"]
[EventType "swiss"]
[EventRounds "7"]
[EventCountry "GER"]

1. d4 d5 2. c4 e6 3. Nf3 Nf6 4. Nc3 Bb4 5. Bg5 Nbd7 6. e3 c5 7. cxd5 exd5 8.
Bxf6 Nxf6 9. Bb5+ Bd7 10. Bxd7+ Nxd7 11. O-O Bxc3 12. bxc3 c4 13. Qa4 O-O 14.
Rfb1 b6 15. Rb2 Nf6 16. Ne5 Ne4 17. f3 Nd6 18. Re1 f6 19. Ng4 h5 20. Nf2 f5 21.
Qc6 Nf7 22. Rb5 Rc8 23. Qxd5 Qxd5 24. Rxd5 g6 25. e4 f4 26. e5 Ng5 27. Ne4 Nxe4
28. Rxe4 a6 29. Rd6 b5 30. Rxg6+ Kf7 31. Rxa6 b4 32. cxb4 c3 33. Re1 Rc4 34. d5
c2 35. Rc6 Rxc6 36. dxc6 Rd8 37. c7 Rd1 38. c8=Q Rxe1+ 39. Kf2 c1=Q 40. Qf5+
Kg8 41. Qg5+ Kf8 42. Qd8+ Kf7 43. Qd7+ Kg6 44. Qe6+ Kg7 45. Qe7+ Kg8 46. Qe8+
Kg7 47. Qe7+ Kg8 48. Qe8+ 1/2-1/2

[Event "Stuttgarter Stadtmeisterschaft"]
[Site "Ditzingen"]
[Date "2008.05.01"]
[Round "3.8"]
[White "Helfrich, Leo"]
[Black "Riasanow, Nikita"]
[Result "1-0"]
[WhiteElo "1712"]
[BlackElo "1259"]
[PlyCount "63"]
[EventDate "2008.05.??"]
[EventType "swiss"]
[EventRounds "7"]
[EventCountry "GER"]

1. d4 Nf6 2. Nf3 g6 3. Bf4 Bg7 4. e3 d6 5. Bd3 O-O 6. Nbd2 c5 7. c3 Nd5 8. Bg5
Nd7 9. O-O N7f6 10. e4 Nc7 11. a4 Bg4 12. h3 Bd7 13. dxc5 dxc5 14. Qc2 Ne6 15.
Be3 Qc7 16. Rfd1 Rfd8 17. Nf1 Nf4 18. Ng3 Be8 19. Bc4 b6 20. Rd2 Rxd2 21. Qxd2
Bh6 22. e5 Rd8 23. Qc1 Nxh3+ 24. gxh3 Bxe3 25. Qxe3 Nd5 26. Qh6 f6 27. Ne4 Qc6
28. Nfg5 fxg5 29. Nxg5 e6 30. Qxh7+ Kf8 31. Bb5 Qc7 32. Nxe6# 1-0

[Event "Stuttgarter Stadtmeisterschaft"]
[Site "Ditzingen"]
[Date "2008.05.01"]
[Round "3.10"]
[White "Follmer, Helmuth"]
[Black "Schreiber, Stephan"]
[Result "1/2-1/2"]
[WhiteElo "1807"]
[BlackElo "1646"]
[PlyCount "93"]
[EventDate "2008.05.??"]
[EventType "swiss"]
[EventRounds "7"]
[EventCountry "GER"]

1. d4 e5 2. dxe5 Nc6 3. Nf3 Qe7 4. Nc3 Nxe5 5. e4 Nf6 6. Nxe5 Qxe5 7. Qe2 Ba3
8. Rb1 Bc5 9. f3 O-O 10. Be3 Bb4 11. Qc4 Bxc3+ 12. Qxc3 Qxc3+ 13. bxc3 b6 14.
Kf2 a5 15. Bd3 d6 16. h4 Nd7 17. g4 Nc5 18. h5 Be6 19. a3 f6 20. Rbg1 h6 21. f4
Nxd3+ 22. cxd3 d5 23. Ke1 dxe4 24. dxe4 Rad8 25. g5 fxg5 26. fxg5 hxg5 27. Rxg5
Kh7 28. Rg6 Bb3 29. Rhg1 Rd1+ 30. Ke2 Rxg1 31. Rxg1 Bc4+ 32. Kd2 Re8 33. Bf4
Rxe4 34. Bxc7 Re2+ 35. Kc1 Re6 36. Rg5 a4 37. Rg4 b5 38. Rg3 Re1+ 39. Kd2 Re2+
40. Kd1 Kh6 41. Rg4 Re7 42. Bf4+ Kxh5 43. Rg5+ Kh4 44. Rg6 Rf7 45. Be5 Kh5 46.
Rxg7 Rxg7 47. Bxg7 1/2-1/2

[Event "Stuttgarter Stadtmeisterschaft"]
[Site "Ditzingen"]
[Date "2008.05.01"]
[Round "3.11"]
[White "Zaytsev, Evgeny"]
[Black "Feller, Florian"]
[Result "0-1"]
[WhiteElo "1638"]
[BlackElo "1794"]
[PlyCount "112"]
[EventDate "2008.05.??"]
[EventType "swiss"]
[EventRounds "7"]
[EventCountry "GER"]

1. e4 c5 2. Nf3 Nc6 3. d3 e6 4. g3 d5 5. Nbd2 Nf6 6. Bg2 Be7 7. O-O O-O 8. e5
Nd7 9. Re1 Qc7 10. Nf1 Ndxe5 11. h4 Nxf3+ 12. Bxf3 Nd4 13. Bg2 Bf6 14. h5 h6
15. Nh2 Rd8 16. Ng4 Qe7 17. Nxf6+ Qxf6 18. Bf4 Qe7 19. c3 Nc6 20. d4 cxd4 21.
cxd4 Qb4 22. Be3 Qxb2 23. Re2 Qa3 24. Rc2 Qa4 25. Qd2 Bd7 26. Rb2 b6 27. Bf1
Na5 28. Rb4 Qa3 29. Bb5 Bxb5 30. Rxb5 Nc4 31. Qc1 Qxc1+ 32. Bxc1 Rdc8 33. Kg2
Rc6 34. a4 Rac8 35. Bf4 f6 36. g4 Kf7 37. Rbb1 e5 38. Bg3 Ke6 39. Re1 Re8 40.
Re2 Kd7 41. Rae1 Rce6 42. dxe5 fxe5 43. Rd1 Kc6 44. Rde1 d4 45. Rc1 Kd5 46. Kf1
e4 47. Rb1 a6 48. Bf4 g5 49. Bc1 Rf8 50. Kg2 Rf3 51. Ra1 Rb3 52. Raa2 Rf6 53.
Ra1 Rff3 54. Raa2 Rh3 55. Re1 Rh4 56. Rh1 Rxg4+ 0-1

[Event "Stuttgarter Stadtmeisterschaft"]
[Site "Ditzingen"]
[Date "2008.05.01"]
[Round "3.12"]
[White "Faerber, Eric"]
[Black "Gibicar, Danijel"]
[Result "0-1"]
[WhiteElo "1503"]
[BlackElo "1745"]
[PlyCount "48"]
[EventDate "2008.05.??"]
[EventType "swiss"]
[EventRounds "7"]
[EventCountry "GER"]

1. d4 Nf6 2. Nf3 e6 3. Nbd2 d5 4. e3 c5 5. c3 Bd6 6. Bd3 Nbd7 7. O-O O-O 8. Re1
b6 9. e4 dxe4 10. Nxe4 Nxe4 11. Bxe4 Rb8 12. Qc2 Nf6 13. Bd3 Bb7 14. Ne5 cxd4
15. cxd4 h6 16. f4 Bb4 17. Rd1 Qxd4+ 18. Kh1 Qc5 19. Qe2 Qe7 20. Bd2 Bxd2 21.
Rxd2 Nd5 22. Qf2 Rbc8 23. Re1 Qc5 24. Qg3 Qb4 0-1

[Event "Stuttgarter Stadtmeisterschaft"]
[Site "Ditzingen"]
[Date "2008.05.01"]
[Round "3.13"]
[White "Wendland, Viktor"]
[Black "Preiss, Wolfgang"]
[Result "1-0"]
[WhiteElo "1469"]
[BlackElo "1731"]
[PlyCount "77"]
[EventDate "2008.05.??"]
[EventType "swiss"]
[EventRounds "7"]
[EventCountry "GER"]

1. d4 Nf6 2. c4 e6 3. Nc3 Be7 4. Nf3 c6 5. e4 Bb4 6. Bd3 d5 7. e5 Nfd7 8. Qc2
Nf8 9. Nd2 Nbd7 10. c5 b6 11. cxb6 axb6 12. a3 c5 13. Nb5 c4 14. Be2 Nb8 15.
Rb1 Be7 16. b3 Bd7 17. bxc4 Bxb5 18. cxb5 Bxa3 19. Ra1 Qh4 20. Rxa3 Rxa3 21.
Bxa3 Nbd7 22. Qc8+ Qd8 23. Qxd8+ Kxd8 24. O-O Ng6 25. g3 h5 26. h4 Ne7 27. Nf3
f6 28. Ra1 fxe5 29. Bxe7+ Kxe7 30. Nxe5 Nxe5 31. dxe5 Rd8 32. Ra6 Rb8 33. Bxh5
Rb7 34. Bg6 Kd7 35. Kg2 Kc7 36. Kf3 Rb8 37. Ra7+ Rb7 38. Rxb7+ Kxb7 39. Bf7 1-0

[Event "Stuttgarter Stadtmeisterschaft"]
[Site "Ditzingen"]
[Date "2008.05.01"]
[Round "3.14"]
[White "Henninger, Jakob"]
[Black "Maisch, Julian"]
[Result "1-0"]
[WhiteElo "1730"]
[BlackElo "1574"]
[PlyCount "101"]
[EventDate "2008.05.??"]
[EventType "swiss"]
[EventRounds "7"]
[EventCountry "GER"]

1. Nf3 d5 2. c4 e6 3. g3 Nf6 4. Bg2 Bd7 5. b3 c5 6. e3 Nc6 7. Bb2 Bd6 8. Nc3 a6
9. cxd5 exd5 10. d4 cxd4 11. Nxd4 Nxd4 12. Qxd4 Bc6 13. O-O Be7 14. Rfd1 Rc8
15. Rac1 Rg8 16. Nxd5 Bxd5 17. Bxd5 Rxc1 18. Bxc1 Qxd5 19. Qxd5 Nxd5 20. Rxd5
f6 21. Bb2 Rf8 22. Kg2 Rf7 23. Rd2 Bf8 24. Rc2 Rd7 25. Bd4 Be7 26. f4 Bd8 27.
g4 Bc7 28. Kf3 Ke7 29. Rd2 Ke6 30. f5+ Kf7 31. h3 Be5 32. Bc3 Rxd2 33. Bxd2 Bd6
34. Ke4 Ke7 35. Kd5 Kd7 36. e4 Be5 37. Be3 Bc7 38. Bd4 Bd8 39. e5 fxe5 40. Bxe5
Bf6 41. g5 Bxe5 42. Kxe5 Ke7 43. f6+ gxf6+ 44. gxf6+ Kf7 45. Kf5 b6 46. h4 b5
47. b4 Kf8 48. Ke6 Ke8 49. f7+ Kf8 50. Kf6 h5 51. Kg6 1-0

[Event "Stuttgarter Stadtmeisterschaft"]
[Site "Ditzingen"]
[Date "2008.05.01"]
[Round "3.15"]
[White "Cofman, Veaceslav"]
[Black "Krebs, Thomas"]
[Result "1-0"]
[WhiteElo "1894"]
[BlackElo "1630"]
[PlyCount "67"]
[EventDate "2008.05.??"]
[EventType "swiss"]
[EventRounds "7"]
[EventCountry "GER"]

1. d4 d5 2. c4 e6 3. Nc3 Nf6 4. cxd5 exd5 5. Bg5 Be7 6. e3 c6 7. Nf3 Bg4 8. Be2
Nbd7 9. O-O O-O 10. Qc2 Re8 11. Bf4 Nh5 12. Be5 Nxe5 13. dxe5 Qc7 14. Nxd5 Qb8
15. Nf4 Bxf3 16. Bxf3 Nxf4 17. exf4 Qc7 18. Qc4 Qb6 19. b3 Bc5 20. Rae1 Rad8
21. e6 fxe6 22. Rxe6 Rxe6 23. Qxe6+ Kh8 24. g3 a5 25. Kg2 h6 26. Be4 Qc7 27.
Qg6 Kg8 28. Bf5 Qe7 29. Be6+ Kh8 30. Re1 Qd6 31. Re5 b6 32. Rh5 Qf8 33. Bf5 Kg8
34. Rxh6 1-0

[Event "Stuttgarter Stadtmeisterschaft"]
[Site "Ditzingen"]
[Date "2008.05.01"]
[Round "3.16"]
[White "Zimmermann, Tobias"]
[Black "Auterhoff, Jürgen"]
[Result "1/2-1/2"]
[WhiteElo "1642"]
[BlackElo "1891"]
[PlyCount "77"]
[EventDate "2008.05.??"]
[EventType "swiss"]
[EventRounds "7"]
[EventCountry "GER"]

1. e4 e5 2. Nf3 Nf6 3. d4 Nxe4 4. Bd3 d5 5. Nxe5 Bd6 6. O-O O-O 7. c4 c6 8. Nc3
f6 9. Nf3 Nxc3 10. bxc3 Be6 11. Qc2 f5 12. Bg5 Qe8 13. Rfe1 Qf7 14. c5 Bc7 15.
Qe2 Re8 16. Ne5 Bxe5 17. Qxe5 Nd7 18. Qd6 Nf6 19. Bxf6 Qxf6 20. Qc7 Qf7 21.
Qxf7+ Kxf7 22. Rab1 Re7 23. f4 Rae8 24. Re5 Bc8 25. Kf2 g5 26. g3 h6 27. Rbe1
b5 28. Rxe7+ Rxe7 29. Rxe7+ Kxe7 30. fxg5 hxg5 31. Kf3 g4+ 32. Kf4 Kf6 33. Bc2
a6 34. Bd3 Bd7 35. Bf1 Bc8 36. h4 gxh3 37. Bxh3 a5 38. a3 a4 39. Bg2 1/2-1/2

[Event "Stuttgarter Stadtmeisterschaft"]
[Site "Ditzingen"]
[Date "2008.05.01"]
[Round "3.17"]
[White "Rühl, Volker"]
[Black "Möller, Albrecht"]
[Result "1-0"]
[WhiteElo "1886"]
[BlackElo "1629"]
[PlyCount "97"]
[EventDate "2008.05.??"]
[EventType "swiss"]
[EventRounds "7"]
[EventCountry "GER"]

1. e4 e5 2. Nf3 Nc6 3. d4 exd4 4. Nxd4 Bb4+ 5. c3 Bc5 6. Be3 Bb6 7. Nd2 Nf6 8.
f4 d6 9. Be2 Bd7 10. Bf3 Qe7 11. Qe2 O-O 12. O-O-O Rfe8 13. Bf2 Nxd4 14. cxd4
Nd5 15. g3 Nb4 16. Kb1 Qe6 17. Qc4 a5 18. a3 Na6 19. Qxe6 fxe6 20. Nc4 Ba4 21.
Nxb6 Bxd1 22. Rxd1 cxb6 23. Rc1 Rac8 24. Rxc8 Rxc8 25. Bg4 Kf7 26. d5 Nc5 27.
b4 axb4 28. axb4 Nxe4 29. Bxe6+ Ke7 30. Bxc8 Nxf2 31. Kc2 Kd8 32. Bf5 g6 33.
Be6 Ne4 34. Kd3 Nf6 35. g4 h6 36. Ke3 Ke7 37. g5 hxg5 38. fxg5 Nh7 39. h4 Kd8
40. Bf7 Nf8 41. h5 gxh5 42. Bxh5 Ke7 43. Kf4 Nd7 44. Kf5 Nf8 45. Bd1 Nd7 46.
Kg6 Kf8 47. Kh7 Ke7 48. Bg4 Ne5 49. Be6 1-0

[Event "Stuttgarter Stadtmeisterschaft"]
[Site "Ditzingen"]
[Date "2008.05.01"]
[Round "3.18"]
[White "Behm, Wilfried"]
[Black "Kvetny, Mark"]
[Result "1/2-1/2"]
[WhiteElo "1860"]
[BlackElo "1606"]
[PlyCount "58"]
[EventDate "2008.05.??"]
[EventType "swiss"]
[EventRounds "7"]
[EventCountry "GER"]

1. d4 Nf6 2. c4 e6 3. Nc3 Bb4 4. Nf3 c5 5. e3 Nc6 6. a3 Bxc3+ 7. bxc3 d6 8. Bd3
e5 9. Qc2 O-O 10. d5 Ne7 11. O-O Ng6 12. Nd2 Qe7 13. a4 Re8 14. f3 Nh5 15. Rf2
Rf8 16. Bb2 f5 17. Raf1 Qg5 18. Bc1 f4 19. Ne4 Qe7 20. Re1 fxe3 21. Bxe3 Ngf4
22. Bf1 Bf5 23. g4 Bxe4 24. Qxe4 Qg5 25. Kh1 Nf6 26. Bxf4 Nxe4 27. Bxg5 Nxg5
28. Kg2 Rae8 29. h4 Nf7 1/2-1/2

[Event "Stuttgarter Stadtmeisterschaft"]
[Site "Ditzingen"]
[Date "2008.05.01"]
[Round "3.19"]
[White "Baumeister, Jürgen"]
[Black "Mack, Markus"]
[Result "0-1"]
[WhiteElo "1834"]
[BlackElo "1599"]
[PlyCount "82"]
[EventDate "2008.05.??"]
[EventType "swiss"]
[EventRounds "7"]
[EventCountry "GER"]

1. e4 c5 2. Nf3 g6 3. Bc4 Bg7 4. Nc3 Nc6 5. d3 d6 6. Be3 Nf6 7. h3 a6 8. Qd2 b5
9. Bb3 O-O 10. Bh6 Na5 11. Bxg7 Kxg7 12. Bd5 Nxd5 13. Nxd5 Nc6 14. O-O-O b4 15.
Ne3 Be6 16. Ng4 Rh8 17. Qh6+ Kg8 18. e5 dxe5 19. Nfxe5 Nxe5 20. Nxe5 Qa5 21.
Rhe1 Re8 22. Re4 Qxa2 23. b3 Qa1+ 24. Kd2 Qc3+ 25. Ke2 Qxc2+ 26. Rd2 Qxb3 27.
Re3 Qd5 28. Kf1 Qd6 29. Rde2 a5 30. Rg3 Bf5 31. Nc4 Qf6 32. Re5 Rd8 33. Ke2 b3
34. Rge3 Be6 35. Nb2 Rd5 36. f4 Rxe5 37. Rxe5 Qg7 38. Qxg7+ Kxg7 39. Rxc5 Ra8
40. Na4 Bd7 41. Nb2 a4 0-1

[Event "Stuttgarter Stadtmeisterschaft"]
[Site "Ditzingen"]
[Date "2008.05.01"]
[Round "3.20"]
[White "Aubel, Stefan"]
[Black "Rix, Michael"]
[Result "1/2-1/2"]
[WhiteElo "1634"]
[BlackElo "1820"]
[PlyCount "69"]
[EventDate "2008.05.??"]
[EventType "swiss"]
[EventRounds "7"]
[EventCountry "GER"]

1. d4 d5 2. c4 e6 3. Nc3 Nf6 4. Nf3 Be7 5. Bf4 O-O 6. e3 b6 7. Be2 Bb7 8. O-O
Nbd7 9. Rc1 Nh5 10. Bg3 Nxg3 11. hxg3 dxc4 12. Bxc4 Nf6 13. Bd3 c5 14. Qc2 cxd4
15. Nxd4 Bc5 16. Nf3 h6 17. Rfd1 Qe7 18. Ne5 Rac8 19. Qa4 Ba8 20. Ba6 Rcd8 21.
Nb5 Ne4 22. Nd4 Qf6 23. Ndf3 Nxg3 24. Rxc5 Rxd1+ 25. Qxd1 bxc5 26. fxg3 Rd8 27.
Qb3 Qe7 28. Qa4 Qc7 29. Qf4 f6 30. Nd3 Qb6 31. Bc4 Kh8 32. Nh4 Qc6 33. Qf3 Qd6
34. Qf4 Qc6 35. Qf3 1/2-1/2

[Event "Stuttgarter Stadtmeisterschaft"]
[Site "Ditzingen"]
[Date "2008.05.01"]
[Round "3.21"]
[White "Drapchin, Marc"]
[Black "Schnorr, Christian"]
[Result "0-1"]
[WhiteElo "1814"]
[BlackElo "1585"]
[PlyCount "90"]
[EventDate "2008.05.??"]
[EventType "swiss"]
[EventRounds "7"]
[EventCountry "GER"]

1. e4 c5 2. Nf3 e6 3. d4 cxd4 4. Nxd4 Nf6 5. Nc3 d6 6. Bg5 Be7 7. Be2 Nxe4 8.
Bxe7 Nxc3 9. bxc3 Qxe7 10. O-O d5 11. Re1 Qc5 12. Qd3 Nc6 13. Bf3 Bd7 14. Nb3
Qd6 15. Bxd5 Ne5 16. Qd4 Qxd5 17. Qxd5 exd5 18. Rxe5+ Be6 19. Nc5 Rc8 20. Nxe6
fxe6 21. Rxe6+ Kf7 22. Re3 Rc7 23. Rd1 Rd8 24. g3 d4 25. cxd4 Rxc2 26. d5 Rxa2
27. d6 Rd7 28. Rd4 g6 29. Rf4+ Kg7 30. Rd4 Ra6 31. Red3 Rc6 32. h4 a5 33. Kf1
Ra6 34. Ke2 a4 35. Ra3 b5 36. Rb4 Ra5 37. Rd4 Kf7 38. g4 Kf6 39. f4 Kf7 40. Ke3
Ke6 41. Rad3 a3 42. Re4+ Kf7 43. f5 a2 44. fxg6+ hxg6 45. h5 a1=Q 0-1

[Event "Stuttgarter Stadtmeisterschaft"]
[Site "Ditzingen"]
[Date "2008.05.01"]
[Round "3.22"]
[White "Ölke, Erhard"]
[Black "Ruff, Robert"]
[Result "1-0"]
[WhiteElo "1741"]
[BlackElo "1566"]
[PlyCount "73"]
[EventDate "2008.05.??"]
[EventType "swiss"]
[EventRounds "7"]
[EventCountry "GER"]

1. e4 e6 2. Nf3 d5 3. e5 c5 4. d4 Nc6 5. Bb5 Bd7 6. Bxc6 Bxc6 7. c3 Qb6 8. O-O
Nh6 9. h3 Nf5 10. g4 Nh6 11. dxc5 Bxc5 12. b4 Be7 13. Be3 Qc7 14. a4 a6 15. Na3
O-O 16. Nc2 Qd8 17. Ncd4 Bd7 18. Qd2 Kh8 19. Ng5 Rc8 20. f4 Rc4 21. Qd3 g6 22.
Ngf3 Qc8 23. Ne2 Qe8 24. Nd2 Rc8 25. f5 Ng8 26. f6 Bd8 27. Qc2 b6 28. Nd4 Bc7
29. N2f3 Bb8 30. Ra2 Qd8 31. Rc1 Qc7 32. Qd2 Nxf6 33. exf6 e5 34. Ne2 Bc6 35.
Bf2 Ba8 36. Qh6 Rg8 37. Ng5 1-0

[Event "Stuttgarter Stadtmeisterschaft"]
[Site "Ditzingen"]
[Date "2008.05.01"]
[Round "3.23"]
[White "Wolf, Adam"]
[Black "Dietsche, Birgit"]
[Result "1/2-1/2"]
[WhiteElo "1398"]
[BlackElo "1610"]
[PlyCount "51"]
[EventDate "2008.05.??"]
[EventType "swiss"]
[EventRounds "7"]
[EventCountry "GER"]

1. c4 e5 2. g3 Nf6 3. Bg2 c6 4. Nf3 d6 5. d3 Be6 6. Nc3 Nbd7 7. b4 Be7 8. O-O
O-O 9. Rb1 h6 10. a4 d5 11. cxd5 cxd5 12. e3 Rc8 13. Qd2 Qc7 14. Nb5 Qb6 15.
Ba3 e4 16. Nfd4 a6 17. Nxe6 fxe6 18. Nd4 Rfd8 19. Bh3 Nf8 20. Rb3 exd3 21. a5
Ne4 22. Qxd3 Qd6 23. b5 Qd7 24. bxa6 Bxa3 25. Rxa3 Nc5 26. Qb5 1/2-1/2

[Event "Stuttgarter Stadtmeisterschaft"]
[Site "Ditzingen"]
[Date "2008.05.01"]
[Round "3.24"]
[White "Mueller, Nils Samuel"]
[Black "Hartmann, Christian"]
[Result "1-0"]
[WhiteElo "1738"]
[BlackElo "1543"]
[PlyCount "103"]
[EventDate "2008.05.??"]
[EventType "swiss"]
[EventRounds "7"]
[EventCountry "GER"]

1. e4 c5 2. Nf3 a6 3. d4 cxd4 4. Nxd4 Nf6 5. Nc3 e5 6. Nb3 h6 7. f3 Nc6 8. Be3
d6 9. Nd5 Be6 10. Bb6 Qd7 11. Nc7+ Ke7 12. Nxa8 g5 13. Nc7 Bg7 14. Nd5+ Kf8 15.
Bc4 Ne8 16. Qd2 f5 17. O-O-O h5 18. Kb1 Bh6 19. Qe2 Kg7 20. Ne3 f4 21. Bxe6
Qxe6 22. Nf5+ Kf7 23. Bc7 Bf8 24. Bb6 Nf6 25. Qd2 d5 26. exd5 Qxf5 27. dxc6
bxc6 28. Bd8 Nd5 29. Qd3 Qc8 30. Bxg5 Rg8 31. Qh7+ Rg7 32. Qxh5+ Kg8 33. h4 Qf5
34. Qg4 Qg6 35. Rhe1 Ne3 36. Rxe3 fxe3 37. Qc4+ Kh7 38. Qe4 Qxe4 39. fxe4 e2
40. Re1 Rf7 41. Rxe2 Rf1+ 42. Nc1 Kg6 43. c3 c5 44. Kc2 c4 45. b3 cxb3+ 46.
axb3 Ba3 47. b4 a5 48. bxa5 Bd6 49. Nd3 Ra1 50. Rf2 Kh5 51. Rf6 Be7 52. Rh6+
1-0

[Event "Stuttgarter Stadtmeisterschaft"]
[Site "Ditzingen"]
[Date "2008.05.01"]
[Round "3.26"]
[White "Riepert, Steffen"]
[Black "Weber, Norbert"]
[Result "0-1"]
[WhiteElo "1579"]
[BlackElo "1738"]
[PlyCount "80"]
[EventDate "2008.05.??"]
[EventType "swiss"]
[EventRounds "7"]
[EventCountry "GER"]

1. d4 Nf6 2. c4 c5 3. d5 b5 4. cxb5 a6 5. bxa6 Bxa6 6. Nc3 d6 7. Nf3 g6 8. g3
Bg7 9. Bg2 O-O 10. O-O Nbd7 11. Re1 Ng4 12. Qc2 Qb6 13. Rb1 Rfb8 14. h3 Nge5
15. e4 Nd3 16. Rd1 N3e5 17. Nxe5 Nxe5 18. Bf1 Nf3+ 19. Kg2 Nd4 20. Qd2 Bxf1+
21. Rxf1 Qa6 22. b3 Rb4 23. Bb2 Nb5 24. Nxb5 Qxb5 25. Bxg7 Kxg7 26. f3 f6 27.
Qb2 Rb8 28. Rfd1 c4 29. Rd4 c3 30. Qxc3 Qe2+ 31. Kg1 Rxd4 32. Qxd4 Qxa2 33. Qb2
Qa7+ 34. Qf2 Qc7 35. Kg2 Rc8 36. b4 Qc3 37. b5 Rb8 38. b6 Qa3 39. b7 Qd3 40. g4
Qxb1 0-1

[Event "Stuttgarter Stadtmeisterschaft"]
[Site "Ditzingen"]
[Date "2008.05.01"]
[Round "3.27"]
[White "Carlacci, Umberto"]
[Black "Huynh, Nhi Lang"]
[Result "0-1"]
[WhiteElo "1551"]
[BlackElo "1730"]
[PlyCount "72"]
[EventDate "2008.05.??"]
[EventType "swiss"]
[EventRounds "7"]
[EventCountry "GER"]

1. d4 Nf6 2. Nf3 d5 3. e3 Bg4 4. c4 e6 5. Qb3 Bxf3 6. gxf3 Qc8 7. Nc3 c6 8. Bh3
Nbd7 9. e4 dxc4 10. Qxc4 Nb6 11. Qb3 Qd8 12. Be3 Be7 13. Rd1 O-O 14. Rg1 Kh8
15. Qc2 Nc4 16. Bc1 Qa5 17. Rg5 b5 18. a3 Rad8 19. b4 Nxa3 20. Qb3 Bxb4 21. Bb2
Nc4 22. Ra1 Bxc3+ 23. Bxc3 Qc7 24. Bg2 a5 25. Rd1 h6 26. Rc5 Qxh2 27. Bf1 Qf4
28. Rxc6 Qxf3 29. Bxc4 Nxe4 30. Qc2 Nxc3 31. Bxb5 Nxd1 32. Qxd1 Qe4+ 33. Qe2
Qxd4 34. Rc1 Rd5 35. Kf1 Re5 36. Qc4 Qxc4+ 0-1

[Event "Stuttgarter Stadtmeisterschaft"]
[Site "Ditzingen"]
[Date "2008.05.01"]
[Round "3.28"]
[White "Zimmermann, Ulrich"]
[Black "Wolff, Sidney Robert"]
[Result "1-0"]
[WhiteElo "1493"]
[BlackElo "1715"]
[PlyCount "67"]
[EventDate "2008.05.??"]
[EventType "swiss"]
[EventRounds "7"]
[EventCountry "GER"]

1. e4 d5 2. exd5 Qxd5 3. d4 c6 4. Nc3 Qa5 5. Bc4 Nf6 6. Nge2 Bg4 7. O-O e6 8.
Bd2 Qc7 9. Bf4 Bd6 10. Bxd6 Qxd6 11. f3 Bh5 12. Ng3 Bg6 13. Kh1 Nbd7 14. Nce4
Qc7 15. c3 h5 16. Bd3 Nd5 17. Re1 h4 18. Nf1 Nf4 19. Ne3 Nxd3 20. Qxd3 O-O-O
21. Qe2 Nb6 22. a4 Nd5 23. Nxd5 Rxd5 24. b4 Qf4 25. b5 h3 26. g3 Qc7 27. Red1
e5 28. bxc6 Qxc6 29. Qe1 exd4 30. cxd4 Re8 31. Rac1 Qxc1 32. Rxc1+ Kb8 33. Qc3
Rd7 34. Nd6 1-0

[Event "Stuttgarter Stadtmeisterschaft"]
[Site "Ditzingen"]
[Date "2008.05.01"]
[Round "3.29"]
[White "Awiszus, Thomas"]
[Black "Kaulich, Philipp Theodor"]
[Result "0-1"]
[WhiteElo "1475"]
[BlackElo "1697"]
[PlyCount "58"]
[EventDate "2008.05.??"]
[EventType "swiss"]
[EventRounds "7"]
[EventCountry "GER"]

1. Nf3 e6 2. c4 Nf6 3. g3 d5 4. Bg2 Bd6 5. Nc3 O-O 6. b3 c6 7. O-O e5 8. e3 Bg4
9. Qc2 Nbd7 10. d4 Rc8 11. dxe5 Nxe5 12. Nxe5 Bxe5 13. Bb2 dxc4 14. bxc4 Qe7
15. f3 Be6 16. f4 Bc7 17. Ne2 Qc5 18. Rac1 Qxe3+ 19. Kh1 Qc5 20. Qc3 Ba5 21.
Ba3 Qb6 22. Qe5 Rfe8 23. Rb1 Qd8 24. Qc5 Bb6 25. Qb4 Qd3 26. Nc3 Qxc4 27. f5
Qxb4 28. Bxb4 Bc4 29. Rf2 Bxf2 0-1